Rekonštrukcia Strieborného námestia v Banskej Bystrici

Guardado en:
Detalles Bibliográficos
Autor principal: Kohaut, Martin, 1986- (Autor)
Otros Autores: Coplák, Jaroslav, 1975- (Orientador)
Formato: Manuscrito Libro
Lenguaje:eslovaco
Publicado: Bratislava : STU v Bratislave FA, 2012
Materias:
Acceso en línea:VAIS
Etiquetas: Agregar Etiqueta
Sin Etiquetas, Sea el primero en etiquetar este registro!

MARC

LEADER 00000ntm a22000003a 4500
001 stu248424
005 20210427105115.8
008 120614s2012----xo------------------slo-d
040 |a STU  |b slo 
041 0 |a slo 
044 |a xo 
100 1 |a Kohaut, Martin,  |d 1986-  |4 aut  |u A  |T FAD Fakulta architektúry  |X 57886  |U A  |Y 50  |7 A000057886 
242 0 0 |a Reconstruction of Silver Square  |y eng 
245 1 |a Rekonštrukcia Strieborného námestia v Banskej Bystrici 
260 |a Bratislava :  |b STU v Bratislave FA,  |c 2012 
650 7 |a architektúra a urbanizmus  |2 stusub 
650 7 |a Architecture and Urban Design  |2 estusub 
650 7 |a pešia zóna  |2 stusub 
700 1 |a Coplák, Jaroslav,  |d 1975-  |4 ths  |u A6160  |U FAD Fakulta architektúry  |U FAD Fakulta architektúry  |T FA Ústav urbanizmu a územného plánovania  |X 473  |U A6160  |Y 397  |7 A000000473 
856 4 |a info a plný text  |u http://is.stuba.sk/zp/portal_zp.pl?podrobnosti=59168  |u https://opac.crzp.sk/?fn=detailBiblioForm&sid=19793BA85A47B7FB65964642DAA1  |3 VAIS